| 000 | 01273namaa22003371i 4500 | ||
|---|---|---|---|
| 003 | EG-GICUC | ||
| 005 | 20260111115513.0 | ||
| 008 | 260111s1995 mr ||||jr|||| 000 0 ara d | ||
| 040 |
_aEG-GiCUC _bara _cEG-GiCUC _dEG-GiCUC _erda |
||
| 041 |
_aara _hfre1 |
||
| 082 | 0 | 4 |
_221 _a193 _bH4653 |
| 092 | 0 | 4 |
_221 _a193 _bH4653 |
| 099 | _a193 H4653 | ||
| 100 | 1 |
_aهيدجر، مارتن _eمؤلف. |
|
| 240 | 1 |
_aEssais et conferences _lArabic |
|
| 245 | 1 | 2 |
_aالتقنية-الحقيقة-الوجود / _cمارتن هيدجر ؛ ترجمة محمد سبيلا، عبد الهادى مفتاح |
| 250 | _aالطبعة الاولى | ||
| 264 |
_aالدار البيضاء (المغرب) : _bالمركز الثقافى العربى، _c1995. |
||
| 300 |
_a207 صفحة ؛ _c20 سم |
||
| 336 |
_2rdacontent _atext |
||
| 337 |
_2rdamedia _aUnmediated |
||
| 338 |
_2rdacarrier _avolume |
||
| 504 | _aيشتمل على ارجاعات ببليوجرافية. | ||
| 541 |
_aد. جابر عصفور؛ _bالقاهرة ؛ _cإهداء ؛ _d2024. |
||
| 650 | 1 | 7 |
_aالفلسفة الغربية _2qrmak |
| 651 | 1 | _2qrmak | |
| 700 | 1 |
_aسبيلا، محمد _eمترجم. |
|
| 700 | 1 |
_aمفتاح، عبدالهادى _eمترجم. |
|
| 905 | _aNermeen | ||
| 942 |
_2ddc _cBK _e21 _n0 |
||
| 999 |
_c177568 _d177568 |
||